Indie Rock Frontwomen - Statistics

General Stats
  • This quiz has been taken 156 times
    142 since last reset
  • The average score is 5 of 20
Answer Stats
Frontwoman Band or Stage Name % Correct
Phoebe Bridgers, Lucy Dacus, Julien Baker Boygenius
66%
Este, Alana, and Danielle Haim
66%
Hope Sandoval Mazzy Star
42%
Annie Clark St. Vincent
42%
Claire Cottrill Clairo
29%
Michelle Zauner Japanese Breakfast
28%
Adrianne Lenker Big Thief
26%
Claire Boucher Grimes
22%
Ellie Roswell Wolf Alice
19%
Lindsay Jordan Snail Mail
17%
Molly Rankin Alvvays
15%
Hayden Anhedonia Ethel Cain
14%
Katie Crutchfield Waxahatchee
14%
Victoria Legrand Beach House
12%
Sophie Allison Soccer Mommy
10%
Natalie Mering Weyes Blood
10%
Frances Quinlan Hop Along
6%
Emma Proulx Men I Trust
6%
Elizabeth Stokes The Beths
6%
Karly Hartzman Wednesday
6%
No matching quizzes found
Score Distribution
Percent of People with Each Score
Percentile by Number Answered
Your Score History
You have not taken this quiz since the last reset